000 00869cam a2200289 4500500
005 20260329010127.0
041 _afre
042 _adc
100 1 0 _aLarmagnac-Matheron, Octave
_eauthor
245 0 0 _aFlorence Burgat : “Les plantes sont-elles des êtres vivants ?”
260 _c2022.
500 _a1
690 _aArbre
690 _aCanguilhem
690 _aFlorence Burgat
690 _aHans Jonas
690 _aImmortalité
690 _aLumière
690 _aMort
690 _aMouvement
690 _aPhénoménologie
690 _aPlante
690 _aVégétal
690 _aVivant
786 0 _nPhilosophie magazine - Hors séries | Hors-série - Pritemps-été 2022 | HS53 | 2022-04-01 | p. 6-7 | 2104-9246
856 4 1 _uhttps://shs.cairn.info/magazine-philosophie-magazine-2022-3-6-page-6?lang=fr&redirect-ssocas=7080
999 _c1849661
_d1849661